| 000 | 00915nam a2200217 i 4500 | ||
|---|---|---|---|
| 001 | 184815 | ||
| 003 | ES-MaACL | ||
| 005 | 20250801063049.0 | ||
| 008 | 160121s2014 sp co |||| |bspa d | ||
| 080 | _a929 Benito Ruano, E. | ||
| 100 | 1 |
_aLadero Quesada, Miguel Ángel, _d1943- _9159216 |
|
| 245 | 1 | 0 |
_aNecrología del Excmo. Sr. D. Eloy Benito Ruano / _cMiguel Ángel Ladero Quesada. |
| 260 |
_a[Madrid : _bReal Academia de la Historia], _c2014 ( _fAdvantia, Comunicación Gráfica) |
||
| 300 |
_aP. [27-35], 1 h. de lám. retr. ; _c24 cm. |
||
| 595 | _aSeparata de: Boletín de la Real Academia de la Historia, t. CCXI, cuaderno I. | ||
| 599 | _aRetr. de E. Benito Ruano antes de portadilla. | ||
| 600 | 1 | 4 |
_aBenito Ruano, Eloy. _927689 |
| 710 | 2 |
_aReal Academia de la Historia (España) _96309 |
|
| 852 |
_aES-MaACL _j2139-F-22 _z. - Dedicatoria autógrafa del autor |
||
| 999 |
_c184815 _d184815 |
||